| 000 | 01383nmm a2200373 a 4500 | ||
|---|---|---|---|
| 001 | ocm0001916985 | ||
| 003 | TR-IsHL | ||
| 005 | 20201028173110.0 | ||
| 008 | 180914s2013 tu tur | ||
| 007 | cr cn | ||
| 020 | _a9789944157667 | ||
| 035 |
_a1916985 _b(N$T) |
||
| 050 | 0 | 4 |
_aHC412 _b.Y55 2013 |
| 090 | 0 | 4 |
_aHC412 _b.Y55 2013 |
| 100 | 1 | _aYıldıran, Mustafa | |
| 245 | 1 | 0 |
_aİpekyolu ekonomileri ve Türkiye için alternatif vizyon _h[electronic resource] / _cMustafa Yıldıran |
| 260 |
_aİstanbul : _bHiperlink Yayınları, _c2013 |
||
| 300 | _a168 p. | ||
| 500 |
_a"Türkiye'nin tarihi hayat alanından yükselen ekonomik ödül olarak İpekyolu." _xBibliyografya: s. 157-165. _x |
||
| 650 | 4 | _aEkonomi ve Finans | |
| 650 | 4 | _aEconomics and Finance | |
| 650 | 0 |
_aAvrasya _x Ekonomik durum |
|
| 650 | 0 |
_aEurasia _x Economic conditions |
|
| 650 | 0 |
_aTürkiye _x Ekonomik durum |
|
| 650 | 0 |
_aTurkey _x Economic conditions |
|
| 650 | 0 |
_aTicaret yolları _x Asya _x Tarih |
|
| 650 | 0 |
_aTrade routes _x Asia _x History |
|
| 650 | 0 |
_aİpek Yolu _x Ekonomik açıdan |
|
| 650 | 0 |
_aSilk Road _x Economic conditions |
|
| 650 | 0 | _aİpek Yolu | |
| 650 | 0 | _aSilk Road | |
| 650 | 7 |
_aBUSINESS & ECONOMICS / International / Economics _2bisacsh |
|
| 856 | 4 | 0 | _uhttp://search.ebscohost.com/login.aspx?direct=true&scope=site&db=e011xww&AN=1916985 |
| 999 |
_c17530 _d17530 |
||